00306nam a2200121Ia 450000500170000000800410001704000080005808200180006610000270008424500220011126000390013330000120017220190130144644.0190125s9999 xx 000 0 und d cDLC a891.4393bSID aSadiq Hussain saddiqui aTariq bin Ziyad / b7th Sky PublicationsaLahorec2012 a312p. :